| 000 | 00401nam a22001697a 4500 | ||
|---|---|---|---|
| 005 | 20160618105922.0 | ||
| 008 | 160618b xxu||||| |||| 00| 0 eng d | ||
| 020 | _a81-7381-121-0 | ||
| 041 | _aeng | ||
| 082 | _b8088 | ||
| 100 |
_aSoha, S and Mukherjee S. _92185 |
||
| 245 | _aQuantitative Methods | ||
| 260 | _bNew Central Book Agency | ||
| 300 | _a122 | ||
| 650 |
_aManagement _9241 |
||
| 942 | _cBK | ||
| 999 |
_c3054 _d3053 |
||